000 01628nam a2200253Ia 4500
008 260220t2001||||xx |||||||||||||| ||spa||
020 _a8466304606
040 _aPY-SlUNAC
_bspa
_erda
041 _aspa
082 _a863
_bV63n
100 _aVicent, Manuel
_eAutor
245 0 _aLa novia de Matisse /
_cpor Manuel Vicent [Autor]
264 _aMadrid :
_bSantillana,
_c℗2001.
300 _a1 volumen
520 _a"La novia de Matisse" de Manuel Vicent es una novela que explora la compleja relación entre el arte, la vida y la pasión a través de la figura de Henri Matisse y su musa, la joven modelo que inspiró algunas de sus obras más emblemáticas. Ambientada en un contexto que mezcla la realidad con la ficción, la narración se desarrolla en la vibrante atmósfera de París, donde el arte cobra vida y los personajes se entrelazan en un juego de emociones y deseos. Vicent utiliza un lenguaje poético y evocador para sumergir al lector en los dilemas existenciales de los protagonistas, quienes buscan el sentido de la belleza y el amor en un mundo efímero. A través de esta obra, se plantea una reflexión profunda sobre la influencia del arte en la vida cotidiana y cómo las relaciones humanas pueden ser tanto un motor creativo como una fuente de sufrimiento. La novela se convierte así en un homenaje a la búsqueda incesante de la estética en la existencia.
653 _aArte
653 _aMatisse
653 _aPintura
942 _b2026/02/17
_cBK
999 _c9317
_d9317